Balsas : (Registro nro. 47683)
[ vista simple ]
| 000 -LEADER | |
|---|---|
| fixed length control field | 01274nam a22002537a 4500 |
| 005 - DATE AND TIME OF LATEST TRANSACTION | |
| control field | 20150124125924.0 |
| 008 - FIXED-LENGTH DATA ELEMENTS--GENERAL INFORMATION | |
| fixed length control field | 140120t mx||||| |||| 00| 0 spa d |
| 020 ## - INTERNATIONAL STANDARD BOOK NUMBER | |
| International Standard Book Number | 9786074241235 |
| 050 04 - LIBRARY OF CONGRESS CALL NUMBER | |
| Classification number | F1247 |
| Item number | M57 2010 |
| 100 1# - MAIN ENTRY--PERSONAL NAME | |
| Personal name | Miranda Arrieta, Eduardo |
| 245 10 - TITLE STATEMENT | |
| Title | Balsas : |
| Remainder of title | pueblo de la modernidad y de la Revolución breve historia y muestra iconográfica / |
| Statement of responsibility, etc | Eduardo Miranda Arrieta y Pastor Miranda Domínguez. |
| 250 ## - EDITION STATEMENT | |
| Edition statement | 1a. ed. |
| 260 ## - PUBLICATION, DISTRIBUTION, ETC. (IMPRINT) | |
| Place of publication, distribution, etc | Morelia, Michoacán de Ocampo, México : |
| Name of publisher, distributor, etc | Universidad Michoacana de San Nicolás de Hidalgo, Instituto de Investigaciones Históricas : Universidad Autónoma de Guerrero, |
| Date of publication, distribution, etc | 2010 |
| 300 ## - PHYSICAL DESCRIPTION | |
| Extent | 55 p. : |
| Other physical details | il. ; |
| Dimensions | 23 cm. |
| 504 ## - BIBLIOGRAPHY, ETC. NOTE | |
| Bibliography, etc | Incluye bibliografía e índice |
| 650 #7 - SUBJECT ADDED ENTRY--TOPICAL TERM | |
| Source of heading or term | LEMB |
| Topical term or geographic name as entry element | Vida social y costumbres |
| General subdivision | Historia |
| Geographic subdivision | Río Balsas |
| 650 #7 - SUBJECT ADDED ENTRY--TOPICAL TERM | |
| Source of heading or term | LEMB |
| Topical term or geographic name as entry element | Condiciones económicas |
| General subdivision | Historia |
| Geographic subdivision | Río Balsa |
| 651 #7 - SUBJECT ADDED ENTRY--GEOGRAPHIC NAME | |
| Source of heading or term | LEMB |
| Geographic name | Río Balsas |
| General subdivision | Condiciones sociales |
| Geographic subdivision | Guerrero (Estado) |
| -- | México |
| 651 #7 - SUBJECT ADDED ENTRY--GEOGRAPHIC NAME | |
| Source of heading or term | LEMB |
| Geographic name | Río Balsas |
| General subdivision | Condiciones sociales |
| Geographic subdivision | Michoacán de Ocampo |
| -- | México |
| 700 1# - ADDED ENTRY--PERSONAL NAME | |
| Personal name | Miranda Domínguez, Pastor, |
| Relator term | cuaut. |
| 710 2# - ADDED ENTRY--CORPORATE NAME | |
| Corporate name or jurisdiction name as entry element | Universidad Michoacana de San Nicolás de Hidalgo, |
| Subordinate unit | Instituto de Investigaciones Históricas |
| 710 2# - ADDED ENTRY--CORPORATE NAME | |
| Corporate name or jurisdiction name as entry element | Universidad Autónoma de Guerrero |
| 942 ## - ADDED ENTRY ELEMENTS (KOHA) | |
| Source of classification or shelving scheme | Biblioteca del Cogreso de los Estados Unidos |
| Koha item type | Libro |
| Estado de pérdida | Fuente de clasificación | Estado del daño | No para préstamo | Ubicación permanente | Ubicación actual | Apartado o colección | Fecha de adquisición | Dependencia de educación superior (DES) | Área del conocimiento | Clasificación | Código de Barras | Date last seen | Número de copia | Tipo de recurso | Nota pública | Edición | Total Checkouts | Costo por reposición |
|---|---|---|---|---|---|---|---|---|---|---|---|---|---|---|---|---|---|---|
| Biblioteca del Cogreso de los Estados Unidos | Biblioteca de la Preparatoria Melchor Ocampo | Biblioteca de la Preparatoria Melchor Ocampo | General | 18/09/2023 | Ciencias Sociales y Administrativas | F1247 M57 2010 | pmo000000596 | 18/09/2023 | C : 1 | Libro | 1a. ed. | 1.00 | ||||||
| Biblioteca del Cogreso de los Estados Unidos | Biblioteca del Instituto de Investigaciones Históricas | Biblioteca del Instituto de Investigaciones Históricas | General | 20/01/2014 | F1247 M57 2010 | IIH000010685 | 20/01/2014 | C:1 | Libro | GENERAL | ||||||||
| Biblioteca del Cogreso de los Estados Unidos | Biblioteca del Instituto de Investigaciones Históricas | Biblioteca del Instituto de Investigaciones Históricas | General | 20/01/2014 | F1247 M57 2010 | IIH000010686 | 20/01/2014 | C:2 | Libro | GENERAL | ||||||||
| Biblioteca del Cogreso de los Estados Unidos | Biblioteca del Instituto de Investigaciones Históricas | Biblioteca del Instituto de Investigaciones Históricas | General | 12/02/2014 | F1247 M57 2010 | IIH000010772 | 12/02/2014 | C:3 | Libro | GENERAL |